000 02986nam a2200229 a 4500
003 DO-SdBNP
005 20221115120807.0
007 ta
008 221114e2017 dr ao||gr|||| 001 e spa d
040 _aDO-SdBNP
_bspa
_cBNPHU
082 4 _222
_bP349
245 _aHistoria social dominicana:
_bnotas de cátedra y otras reflexiones. /
_cGenaro Peña Fernández, Felix Castillo
260 _aSanto Domingo :
_bUniversitaria, UASD,
_c2017
300 _a637 p. :
_bil., fotogr. ;
_c22 cm.
500 _aIncluye bibliografía y notas al pié de páginas.
504 _aBibliografía: 619 - 637
505 _aNota de los autores.
_gCapítulo I.
_tLa historia. Su concepto.--
_gCapítulo II.
_tBreves consideraciones sobre geoespacialidad e identidad nacional hacia una propuesta de periodización de la historia dominicana.--
_gCapítulo III.
_tLa situación europea antes de la conquista transoceánica. El caso particular de España.--
_gCapítulo IV.
_tLos pueblos originarios de la isla de Haití. sus características fundamentales.--
_gCapítulo V.
_tA propósito del proceso colonizador de la isla. El paso dramático de la conquista a la colonización.--
_gCapítulo VI.
_tEl siglo XVII. Santo Domingo en el centro de las disputas de las potencias colonialistas europeas.--
_gCapítulo VII.
_tCaracterísticas genrales de las dos formaciones coloniales en la isla durante el siglo XVIII. aproximaciones y contrastes.--
_gCapítulo VIII.
_tDel frágil dominio francés a la Independencia Efímera.--
_gCapítulo IX.
_tDesde la incorporación de la parte este de la isla a la República de Haití hasta la proclamación de la Independencia de la República Dominicana (1822 - 1844).--
_gCapítulo X.
_tNacimiento de la República Dominicana: Precapitalismo y dominación neocolonial caudillismo y despotismo.--
_gCapítulo XI.
_tLa Revolución Restauradora.--
_gCapítulo XII.
_tCrisis política protestauradora y los obstáculos para la construcción de un Estado burgués nacional e independiente.--
_gCapítulo XIII.
_tIngerencismo norteamericano y la inestabilidad política.--
_gCapítulo XIV.
_tLa primera intervención militar estadounidense a la República Dominicana (1916 - 1924).--
_gCapítulo XV.
_tLa República Dominicana bajo el esquema de dominación neocolonial de los Estados Unidos: la Era de Trujillo.
_gCapítulo XVI.
_tEl reordenamiento económico, social y política del país: Desde la caída de la dictadura hasta la llegada de Balaguer al poder en 1966.--
_gCapítulo XVII.
_tLa dominación dependiente del balaguerismo de los doce años.--
_gCapítulo XVIII.
_tDe la crisis del bonapartismo al modelo de democracia restringida.--
_gCapítulo XIX.
_tEl retorno de Balaguer y la crisis de legitimación política 1986 - 1996.--
_gCapítulo XX.
_tA manera de epílogo balance crítico de la etapa postrujillista.--
_tBibliografía.
590 _aInventariado 2022 / MF
650 4 _98425
_aHistoria Social
_vEnsayo, Conferencia, etc.
_zRepública Dominicana
910 _aMFeliz
942 _2ddc
_cLBS1
999 _c52910
_d52910